01022cpcaa2200277 a 4500001001300000003000400013005001700017008004100034010001700075040002400092072001200116110004100128245005500169300001600224300001800240506002200258520010000280533008800380535004900468546003600517650002100553651003700574651003000611710008600641999001700727mm2010085533DLC20260227111732.0100310|||||||||||| spa  amm2010085533 aDLCcDLCdDLCedacs 7aF2lcmd1 aSanta Fe de Bogota.bReal Audiencia.00aSanta Fe de Bogota. Real Audiencia records,f1566. a300fitems. a1fcontainer.0 aOpen to research.8 aSelections from Archivo General de Indias, Gobierno, Audiencia Santa Fe de Bogota, legajos 117. aPhotostats and transcripts of originals in the Archivo General de Indias (Seville).1 aArchivo General de Indias,bSeville,cSpain. aCollection material in Spanish. 0aArchiveszSpain. 0aColombiaxHistoryy16th century. 0aSpainxColonieszAmerica.2 aArchivo General de Indias.bSección de Gobierno.bAudiencia Santa Fe de Bogota. c44826d44826